000 00630nam a2200229Ia 4500
003 OSt
005 20220928114142.0
006 a|||||r|||| 00| 0
007 ta
008 220927b |||||||| |||| 00| 0 eng d
024 _a70956
037 _cTextual
040 _aSDCL
_cSDCL
_beng
041 _2eng
_aeng
082 _aX9B.2'N8, M7
100 _aAgrawal Deepak
_9437194
245 0 _aProspects of industrial estates in under developed countries.
260 _aAllahbad
_bChugh Pub
_c1987
300 _aviii,279p
_ccm.
942 _hX9B.2'N8, M7
_cTEXL
_2CC
999 _c753164
_d753164